| 000 | 004430000a22001690004500 | ||
|---|---|---|---|
| 003 | MACL | ||
| 005 | 20160130162252.0 | ||
| 008 | 160130b xxu||||| |||| 00| 0 eng d | ||
| 040 |
_aMACL _cMACL |
||
| 041 | _aHindi | ||
| 082 | _a332 | ||
| 245 |
_a…®… _bProbationary officer and management trainee CWE |
||
| 260 |
_bKiran Institute of Career Excellence _c2011 _aDelhi |
||
| 350 | _a335 | ||
| 650 |
_aBank _936278 |
||
| 942 |
_cHIN _k332 _2ddc |
||
| 999 |
_c45668 _d45668 |
||